000 00716nam a2200217Ia 4500
005 20241129110223.0
008 241129s9999||||xx |||||||||||||| ||und||
037 _aTB
040 _aARTS
_bpun
_cARTS
041 _apun
_2fre
084 _aO122,3N13,PL 153R2
_qARTS
100 _aਕਾਮੂ, ਅਲਬੇਅਰ, ਚ।
245 0 _aਪਲੇਗ
_cਕਾਮੂ, ਅਲਬੇਅਰ, ਚ।
260 _aਪਟਿਆਲਾ, ਭਾਰਤ
_bਪਟਿਆਲਾ ਆੱਟਮ ਆਰਟ
_c2024
300 _a303ਪ੍ਰ0
365 _aINR
_b345
546 _aTranslated form French to punjabi.
650 _aFrench Fiction
_9155413
942 _cTB
_hO122,3N13,PL 153R2
999 _c1227771
_d1227771